| 000 | 00429pab a2200157 454500 | ||
|---|---|---|---|
| 008 | 180718b2007 xxu||||| |||| 00| 0 eng d | ||
| 100 | _aLarsen, Christian Albrekt | ||
| 245 | _aHow welfare regimes generate and erode social capital: the impact of underclass phenomena | ||
| 260 | _c2007 | ||
| 300 | _ap.83-101. | ||
| 362 | _aOct | ||
| 650 | _aSocial policy | ||
| 773 | _aComparative Politics | ||
| 908 | _aN | ||
| 909 | _a76685 | ||
| 999 |
_c76685 _d76685 |
||